000 00647nam a2200229Ia 4500
003 OSt
005 20230421102500.0
008 210423s2012 xx 000 0 und d
020 _a8121928508
040 _cAL
041 _aeng
082 _a510.02
_223
_bAROC
100 _aARORA (P N);ARORA (S)
_991380
245 _aCommon proficiency test: quantitative aptitude statistics V 2
260 _aNew Delh
_bS Chand & Company Ltd
_c2012
300 _aix,11.20
_bPB
365 _b325
_cINR
440 _v2
650 _aMathematics
_991381
906 _aaptitude ; Common ; proficiency ; quantitative ; statistics ; test:
942 _2ddc
_cBK
999 _c160838
_d160838